[Event "II Cotroceni Women"]
[Site "Bucharest ROU"]
[Date "2011.03.02"]
[Round "1"]
[White "Muzychuk, Anna"]
[Black "Muzychuk, Mariya"]
[Result "1/2-1/2"]
[WhiteTitle "IM"]
[BlackTitle "IM"]
[WhiteElo "2528"]
[BlackElo "2476"]
[WhiteFideId "14111330"]
[BlackFideId "14114550"]
[EventDate "2011.03.01"]

1. e4 d5 2. exd5 Nf6 3. d4 Nxd5 4. Nf3 Bg4 5. Be2 e6 6. Ne5 Bxe2 7. Qxe2 Nd7 8.
O-O Be7 9. c4 N5b6 10. Nc3 O-O 11. Rd1 c6 12. Bf4 Bg5 13. Bxg5 Qxg5 14. Rd3 Nxe5
15. dxe5 Rfd8 16. Rad1 Rxd3 17. Qxd3 h6 18. Qd4 c5 19. Qxc5 Rc8 20. Qb5 Rxc4 1/2-1/2

[Event "II Cotroceni Women"]
[Site "Bucharest ROU"]
[Date "2011.03.02"]
[Round "1"]
[White "Zatonskih, Anna"]
[Black "Gunina, Valentina"]
[Result "1-0"]
[WhiteTitle "IM"]
[BlackTitle "WGM"]
[WhiteElo "2499"]
[BlackElo "2472"]
[WhiteFideId "14101572"]
[BlackFideId "4167570"]
[EventDate "2011.03.01"]

1. e4 c6 2. Nc3 d5 3. Nf3 Bg4 4. h3 Bxf3 5. Qxf3 e6 6. Be2 Nf6 7. O-O Nbd7 8. d4
dxe4 9. Nxe4 Nxe4 10. Qxe4 Nf6 11. Qd3 Bd6 12. c4 O-O 13. Qb3 Qc7 14. Bf3 Rad8
15. Bg5 Be7 16. Rfd1 Rd7 17. Be3 Rfd8 18. Rac1 Qa5 19. a3 g6 20. Qc2 Bf8 21. b4
Qxa3 22. c5 Qxb4 23. Bd2 Qxd4 24. Ba5 Qxc5 25. Bxd8 Qxc2 26. Rxc2 Rxd1+ 27. Bxd1
Nd5 28. Bf3 Bb4 29. Bxd5 exd5 30. Rb2 c5 31. Ra2 a6 32. Ba5 Kf8 33. Bxb4 cxb4
34. Ra4 Ke7 35. Rxb4 b5 36. Rb1 Kd6 37. Ra1 Kc5 38. Rxa6 b4 39. Ra7 b3 40. Rxf7
Kc4 41. Kf1 b2 42. Rb7 Kc3 43. Ke1 Kc2 44. f4 h5 45. g4 1-0

[Event "II Cotroceni Women"]
[Site "Bucharest ROU"]
[Date "2011.03.02"]
[Round "1"]
[White "Turova, Irina"]
[Black "Cosma, Elena-Luminita"]
[Result "1-0"]
[WhiteTitle "IM"]
[BlackTitle "WGM"]
[WhiteElo "2428"]
[BlackElo "2343"]
[WhiteFideId "4120876"]
[BlackFideId "1201590"]
[EventDate "2011.03.01"]

1. c4 e6 2. Nc3 d5 3. d4 c6 4. e4 Bb4 5. cxd5 exd5 6. e5 c5 7. Be3 cxd4 8. Bxd4
Nc6 9. Bb5 Ne7 10. Ne2 O-O 11. O-O Nf5 12. Bxc6 bxc6 13. Na4 Re8 14. Qc2 Ba6 15.
Qxf5 Bxe2 16. Rfc1 Qh4 17. f4 g6 18. Qg5 Qxg5 19. fxg5 Be7 20. h4 h6 21. Kf2 Bb5
22. Nc5 hxg5 23. hxg5 a5 24. Rc3 Bxc5 25. Rxc5 Re6 26. a4 Bc4 27. Ra3 Kf8 28.
Rf3 Ke8 29. b3 Ba6 30. Rxa5 Bb7 31. Rc5 Bc8 32. Rc1 Re7 33. Rh1 c5 34. Rh8+ Kd7
35. Bxc5 Rxe5 36. Rxf7+ Kc6 37. b4 Be6 38. Rxa8 Bxf7 39. Ra6+ Kd7 40. Ra7+ Ke8
41. a5 d4 42. Bxd4 Re4 43. Bc5 Bc4 44. a6 Re2+ 45. Kg3 Kd8 46. Ra8+ Kc7 47. a7
Rxg2+ 48. Kf4 1-0

[Event "II Cotroceni Women"]
[Site "Bucharest ROU"]
[Date "2011.03.02"]
[Round "1"]
[White "Repkova, Eva"]
[Black "Socko, Monika"]
[Result "0-1"]
[WhiteTitle "IM"]
[BlackTitle "GM"]
[WhiteElo "2446"]
[BlackElo "2495"]
[WhiteFideId "14900440"]
[BlackFideId "1106619"]
[EventDate "2011.03.01"]

1. e4 c5 2. b3 Nc6 3. Bb2 d6 4. f4 Nf6 5. Nc3 g6 6. Bb5 Bg7 7. Bxc6+ bxc6 8. d3
O-O 9. Qf3 Qa5 10. Ne2 Bg4 11. Qe3 Bxe2 12. Kxe2 Nh5 13. e5 Bh6 14. Rhf1 dxe5
15. Ne4 Bxf4 16. Qh3 f5 17. g3 Bh6 18. Bxe5 c4 19. Bc3 cxd3+ 20. cxd3 Qd5 21.
Nd2 Rad8 22. Rf3 Bxd2 0-1

[Event "II Cotroceni Women"]
[Site "Bucharest ROU"]
[Date "2011.03.02"]
[Round "1"]
[White "Ushenina, Anna"]
[Black "Peptan, Corina-Isabela"]
[Result "1/2-1/2"]
[WhiteTitle "IM"]
[BlackTitle "IM"]
[WhiteElo "2454"]
[BlackElo "2415"]
[WhiteFideId "14110911"]
[BlackFideId "1201930"]
[EventDate "2011.03.01"]

1. d4 Nf6 2. c4 e6 3. Nc3 Bb4 4. Qc2 c5 5. dxc5 O-O 6. Nf3 Na6 7. a3 Bxc3+ 8.
Qxc3 Nxc5 9. e3 b6 10. b4 Nce4 11. Qd4 Bb7 12. Be2 Qe7 13. O-O Rfd8 14. Bb2 d5
15. Rac1 h6 16. Qe5 Rac8 17. h3 1/2-1/2

[Event "II Cotroceni Women"]
[Site "Bucharest ROU"]
[Date "2011.03.03"]
[Round "2"]
[White "Muzychuk, Mariya"]
[Black "Peptan, Corina-Isabela"]
[Result "1/2-1/2"]
[WhiteTitle "IM"]
[BlackTitle "IM"]
[WhiteElo "2476"]
[BlackElo "2415"]
[WhiteFideId "14114550"]
[BlackFideId "1201930"]
[EventDate "2011.03.01"]

1. d4 Nf6 2. c4 e6 3. g3 d5 4. Bg2 c6 5. Qc2 Nbd7 6. Nf3 b6 7. O-O Bb7 8. Nbd2
Be7 9. e4 Nxe4 10. Nxe4 dxe4 11. Qxe4 Nf6 12. Qe2 O-O 13. Ne5 Rc8 14. Be3 Nd7
15. f4 Qc7 16. Rad1 Rfd8 17. Bc1 Nf8 18. f5 f6 19. Ng4 exf5 20. Rxf5 Re8 21. Qc2
Rcd8 22. Rff1 c5 23. d5 Bc8 24. Ne3 Bd6 25. Nf5 Bxf5 26. Qxf5 Re7 27. Rde1 Rde8
28. Bd2 Be5 29. b3 Bd4+ 30. Kh1 Rxe1 31. Rxe1 Rxe1+ 32. Bxe1 Qe5 33. Qxe5 Bxe5
34. Bh3 Kf7 35. Kg2 Ke7 36. Kf3 g6 37. Bd2 f5 38. Bf1 Nd7 39. h3 Bd6 40. Bg5+
Kf7 41. Be2 Ne5+ 42. Ke3 h5 43. Kf2 Ke8 44. Bf6 Kf7 45. Bg5 Ke8 46. Bf6 1/2-1/2

[Event "II Cotroceni Women"]
[Site "Bucharest ROU"]
[Date "2011.03.03"]
[Round "2"]
[White "Socko, Monika"]
[Black "Ushenina, Anna"]
[Result "1/2-1/2"]
[WhiteTitle "GM"]
[BlackTitle "IM"]
[WhiteElo "2495"]
[BlackElo "2454"]
[WhiteFideId "1106619"]
[BlackFideId "14110911"]
[EventDate "2011.03.01"]

1. d4 d5 2. Nf3 Nf6 3. c4 c6 4. e3 e6 5. Nbd2 Nbd7 6. Bd3 Bd6 7. O-O O-O 8. e4
e5 9. cxd5 cxd5 10. Re1 Re8 11. exd5 exd4 12. Rxe8+ Qxe8 13. Nc4 Bc5 14. Bd2 b5
15. Na3 a6 16. Rc1 Bb7 17. Bg5 Bd6 18. Nc2 h6 19. Bh4 Bf4 20. Ra1 Nxd5 21. Ncxd4
Ne5 22. Be2 Ne7 23. Bg3 Bxg3 24. hxg3 Nxf3+ 25. Bxf3 Bxf3 26. Qxf3 Rd8 27. Nb3
Qd7 28. Re1 Nf5 29. Qf4 g6 30. Nc5 Qd4 31. b4 Qxf4 32. gxf4 Rd2 33. a3 Ra2 34.
Nxa6 Rxa3 35. Nc7 Nd4 36. Rd1 Nc6 37. Nxb5 Ra4 38. Nd4 Nxb4 1/2-1/2

[Event "II Cotroceni Women"]
[Site "Bucharest ROU"]
[Date "2011.03.03"]
[Round "2"]
[White "Cosma, Elena-Luminita"]
[Black "Repkova, Eva"]
[Result "1/2-1/2"]
[WhiteTitle "WGM"]
[BlackTitle "IM"]
[WhiteElo "2343"]
[BlackElo "2446"]
[WhiteFideId "1201590"]
[BlackFideId "14900440"]
[EventDate "2011.03.01"]

1. d4 d5 2. c4 e6 3. Nf3 Nf6 4. g3 Be7 5. Bg2 O-O 6. O-O dxc4 7. Ne5 c5 8. dxc5
Qc7 9. Nxc4 Qxc5 10. b3 Rd8 11. Nbd2 Nc6 12. Ba3 Qh5 13. Bxe7 Nxe7 14. e3 Qf5
15. e4 Qg6 16. Qc1 Nc6 17. e5 Ng4 18. Nf3 Qh5 19. Rd1 Rf8 20. h3 Ngxe5 21. Nfxe5
Nxe5 22. g4 Nxg4 23. hxg4 Qxg4 24. Qe3 f6 25. Rd4 Qg6 26. Qd3 Rb8 27. Qxg6 hxg6
28. Rad1 b6 29. Rd8 Ba6 30. R8d7 Bxc4 31. bxc4 Rfc8 32. Rxa7 Rxc4 33. Rdd7 Kh7
34. Rxg7+ Kh6 35. Rgc7 Rb4 36. Ra3 Rd8 37. Rh3+ Kg5 38. Rg3+ Kh6 39. Rc2 e5 40.
Bf3 Rd3 41. Kg2 e4 42. Be2 Rxg3+ 43. Kxg3 Kg5 44. Rc4 Rb2 45. Rxe4 Rxa2 46. f4+
Kh6 47. Re6 f5 48. Bb5 Ra3+ 49. Kf2 Ra2+ 50. Ke3 Ra3+ 51. Bd3 Kh5 52. Rxb6 g5
53. Rd6 Rb3 54. Rd8 gxf4+ 55. Kxf4 Kg6 56. Rd6+ Kg7 57. Kxf5 Rb7 58. Rg6+ Kf8
59. Bc4 Rg7 60. Ra6 Ke7 61. Bd5 Rg1 62. Be4 Kd7 63. Ke5 Rg5+ 64. Bf5+ Kc7 65.
Rf6 Rg1 66. Be4 Rg5+ 67. Kd4 Kd7 68. Ra6 Ke7 69. Bf3 Rf5 70. Be4 Rh5 71. Rb6 Rg5
72. Bd5 Rf5 73. Re6+ Kf7 74. Ra6+ Ke7 75. Kc5 Re5 76. Rg6 Rf5 77. Rh6 Kf8 78.
Rh7 Rf6 79. Kd4 Rg6 80. Ke5 Rg7 81. Rh6 Ke7 82. Be6 Kd8 83. Kf6 Ra7 84. Ke5 Kc7
85. Bd5 Ra1 86. Rc6+ Kd7 87. Rb6 Re1+ 88. Be4 Rc1 89. Rd6+ Kc7 90. Rh6 Re1 91.
Rc6+ Kd7 92. Rc2 Kd8 93. Kd5 Ke7 94. Ke5 Kd8 95. Rc4 Kd7 96. Rb4 Rc1 97. Rb8 Rg1
98. Rb7+ Kc8 99. Rh7 Re1 100. Kd5 Rd1+ 101. Kc6 Kd8 102. Bd5 Ke8 103. Kd6 Kf8
104. Rf7+ Ke8 105. Rf2 Rd4 106. Re2+ Kf8 1/2-1/2

[Event "II Cotroceni Women"]
[Site "Bucharest ROU"]
[Date "2011.03.03"]
[Round "2"]
[White "Gunina, Valentina"]
[Black "Turova, Irina"]
[Result "1-0"]
[WhiteTitle "WGM"]
[BlackTitle "IM"]
[WhiteElo "2472"]
[BlackElo "2428"]
[WhiteFideId "4167570"]
[BlackFideId "4120876"]
[EventDate "2011.03.01"]

1. d4 Nf6 2. Nf3 e6 3. c4 b6 4. g3 Ba6 5. b3 d5 6. Bg2 dxc4 7. Ne5 Bb4+ 8. Kf1
Bd6 9. Nxc4 Nd5 10. e4 Ne7 11. Bb2 Nbc6 12. Nd2 e5 13. d5 Nd4 14. Bxd4 exd4 15.
Kg1 O-O 16. Nf3 c5 17. e5 Bb8 18. d6 Nc6 19. h4 Bb7 20. Ng5 h6 21. e6 Qf6 22. e7
Re8 23. Qh5 d3 24. Rd1 b5 25. Nxf7 g6 26. Qxh6 Qxf7 27. Bd5 Qxd5 28. Qxg6+ Kh8
29. Qxe8+ Kh7 30. Qd7 Ne5 31. Qf5+ Kh6 32. Qg5+ Kh7 33. Qh5+ Kg7 34. Qxe5+ Qxe5
35. Nxe5 Bxd6 36. Rxd3 Bxe5 37. Rd8 Bf6 38. Rxa8 1-0

[Event "II Cotroceni Women"]
[Site "Bucharest ROU"]
[Date "2011.03.03"]
[Round "2"]
[White "Muzychuk, Anna"]
[Black "Zatonskih, Anna"]
[Result "1-0"]
[WhiteTitle "IM"]
[BlackTitle "IM"]
[WhiteElo "2528"]
[BlackElo "2499"]
[WhiteFideId "14111330"]
[BlackFideId "14101572"]
[EventDate "2011.03.01"]

1. f4 d5 2. Nf3 g6 3. g3 Bg7 4. Bg2 c6 5. d3 Qb6 6. Nc3 d4 7. Ne4 Nd7 8. a4 Nh6
9. a5 Qc7 10. c3 dxc3 11. bxc3 f5 12. Neg5 Bxc3+ 13. Bd2 Bxd2+ 14. Qxd2 Qd6 15.
O-O O-O 16. Qa2+ Kh8 17. a6 bxa6 18. Rfc1 Rb8 19. Qc4 Rf6 20. e4 e5 21. d4 Rb4
22. Qf1 Rxd4 23. fxe5 Nxe5 24. Nxe5 Qxe5 25. Nf3 Qxe4 26. Re1 Qd3 27. Re8+ Kg7
28. Rxc8 Qe3+ 29. Kh1 Rd7 30. Re1 Qc5 31. Qe2 Ng4 32. Rf1 Ne3 33. Rb1 Rfd6 34.
Re8 Ng4 35. Re7+ Kh6 36. Rxd7 Rxd7 37. h3 Nf2+ 38. Kh2 Ne4 39. Qb2 Qe3 40. Qe5
Qf2 41. Rf1 Qb6 42. Nh4 Qd4 43. Rxf5 Qxe5 44. Rxe5 Nd2 45. Bxc6 Rc7 46. Re6 a5
47. Nf5+ Kh5 48. Nd4 Kh6 49. h4 Kg7 50. Re2 Nf3+ 51. Bxf3 1-0

[Event "II Cotroceni Women"]
[Site "Bucharest ROU"]
[Date "2011.03.04"]
[Round "3"]
[White "Zatonskih, Anna"]
[Black "Muzychuk, Mariya"]
[Result "1-0"]
[WhiteTitle "IM"]
[BlackTitle "IM"]
[WhiteElo "2499"]
[BlackElo "2476"]
[WhiteFideId "14101572"]
[BlackFideId "14114550"]
[EventDate "2011.03.01"]

1. e4 c5 2. c3 d5 3. exd5 Qxd5 4. d4 Nf6 5. Na3 e6 6. Be3 cxd4 7. Nb5 Na6 8.
Qxd4 Qxd4 9. Bxd4 b6 10. Nf3 Bb7 11. Be5 Ne4 12. Be2 f6 13. Bd4 e5 14. Be3 Nd6
15. Nh4 g6 16. O-O-O Nf5 17. Nxf5 gxf5 18. Nxa7 Rxa7 19. Bb5+ Kf7 20. Rd7+ Kg6
21. Bxa6 Bxg2 22. Rxa7 Bxh1 23. Bc4 f4 24. Bxb6 Bh6 25. a4 Be4 26. a5 f3+ 27.
Kd1 Bf4 28. h3 Rc8 29. Bf7+ Kg5 30. Rd7 Bf5 31. Rd8 Rxd8+ 32. Bxd8 Bd3 33. Ke1
e4 34. Bd5 Kh4 35. a6 Bxa6 36. Bxe4 Kxh3 37. Bxh7 Be5 38. Bf5+ Kg2 39. Bb6 Bc4
40. Bd4 Bb3 41. Bxe5 fxe5 42. Be4 Be6 43. b4 Bc4 44. Bc6 Bd3 45. Kd2 Kxf2 46.
Kxd3 Kg3 47. Ke3 f2 48. Bb5 1-0

[Event "II Cotroceni Women"]
[Site "Bucharest ROU"]
[Date "2011.03.04"]
[Round "3"]
[White "Turova, Irina"]
[Black "Muzychuk, Anna"]
[Result "1/2-1/2"]
[WhiteTitle "IM"]
[BlackTitle "IM"]
[WhiteElo "2428"]
[BlackElo "2528"]
[WhiteFideId "4120876"]
[BlackFideId "14111330"]
[EventDate "2011.03.01"]

1. d4 Nf6 2. c4 c5 3. d5 b5 4. cxb5 a6 5. bxa6 g6 6. Nc3 Bxa6 7. Nf3 Bg7 8. g3
d6 9. Bg2 Nbd7 10. O-O Nb6 11. Re1 O-O 12. h3 Nc4 13. Qc2 Nd7 14. Nd2 Qb6 15.
Nxc4 Bxc4 16. Bd2 Ba6 17. Rab1 c4 18. Be3 Qa5 19. Red1 Rab8 20. Bd4 Rb7 21. Bxg7
Kxg7 22. Rd4 Nc5 23. Rh4 h6 24. Qd2 Rh8 25. Qd4+ Kg8 26. Qd1 Kg7 27. Bf1 Rhb8
28. Qd2 g5 29. Rd4 Na4 30. Nxa4 Qxa4 31. b3 Qa3 32. h4 f6 33. h5 cxb3 34. Rxb3
Rxb3 35. axb3 Qxb3 36. Re4 1/2-1/2

[Event "II Cotroceni Women"]
[Site "Bucharest ROU"]
[Date "2011.03.04"]
[Round "3"]
[White "Repkova, Eva"]
[Black "Gunina, Valentina"]
[Result "0-1"]
[WhiteTitle "IM"]
[BlackTitle "WGM"]
[WhiteElo "2446"]
[BlackElo "2472"]
[WhiteFideId "14900440"]
[BlackFideId "4167570"]
[EventDate "2011.03.01"]

1. e4 c6 2. d4 d5 3. exd5 cxd5 4. c4 Nf6 5. Nc3 g6 6. Qb3 Bg7 7. cxd5 O-O 8. Be2
Na6 9. Bf4 Qb6 10. Qxb6 axb6 11. d6 exd6 12. Nf3 Rd8 13. O-O Nc7 14. Bg3 Ncd5
15. Nb5 Ne4 16. Bh4 Bf6 17. Bd3 Nd2 18. Nxd2 Bxh4 19. Bc4 Be6 20. Bxd5 Bxd5 21.
Nc7 Ra5 22. b4 Rxa2 23. Nf3 Bxf2+ 24. Kh1 Rxa1 25. Rxa1 Bxf3 26. gxf3 Bxd4 27.
Rd1 Bg7 28. b5 Rc8 29. Nd5 Rc5 30. Nxb6 Rxb5 31. Rxd6 Bf8 0-1

[Event "II Cotroceni Women"]
[Site "Bucharest ROU"]
[Date "2011.03.05"]
[Round "4"]
[White "Muzychuk, Mariya"]
[Black "Socko, Monika"]
[Result "0-1"]
[WhiteTitle "IM"]
[BlackTitle "GM"]
[WhiteElo "2476"]
[BlackElo "2495"]
[WhiteFideId "14114550"]
[BlackFideId "1106619"]
[EventDate "2011.03.01"]

1. d4 Nf6 2. c4 g6 3. Nc3 Bg7 4. e4 d6 5. Nf3 O-O 6. Be2 e5 7. O-O Nc6 8. d5 Ne7
9. b4 a5 10. bxa5 Rxa5 11. Nd2 Nd7 12. Nb3 Ra8 13. Be3 f5 14. f3 b6 15. a4 Nf6
16. a5 bxa5 17. c5 a4 18. Nd2 h5 19. Rxa4 Rxa4 20. Qxa4 fxe4 21. fxe4 Kh7 22.
Qa3 Bg4 23. Bd3 Nc8 24. Nb5 dxc5 25. Qxc5 Rf7 26. h3 Bd7 27. Nf3 Re7 28. Nxc7
Bxh3 29. Ng5+ Kh8 30. Nb5 Bg4 31. d6 Rd7 32. Rc1 Rb7 33. Nc7 Nxd6 34. Ba6 Nfxe4
35. Qc6 Rb4 36. Nxe4 Rxe4 37. Bc5 Qg5 38. Bxd6 Qe3+ 39. Kh2 Bd7 40. Qa8+ Kh7 41.
Qxe4 Qxe4 42. Rc4 Qd3 43. Bc5 e4 44. Bg1 e3 45. Rf4 Qd6 46. Bxe3 Qxc7 47. g3 Bf5
48. Be2 Qe7 0-1

[Event "II Cotroceni Women"]
[Site "Bucharest ROU"]
[Date "2011.03.05"]
[Round "4"]
[White "Cosma, Elena-Luminita"]
[Black "Peptan, Corina-Isabela"]
[Result "1/2-1/2"]
[WhiteTitle "WGM"]
[BlackTitle "IM"]
[WhiteElo "2343"]
[BlackElo "2415"]
[WhiteFideId "1201590"]
[BlackFideId "1201930"]
[EventDate "2011.03.01"]

1. d4 Nf6 2. Nf3 e6 3. g3 c5 4. Bg2 Nc6 5. O-O cxd4 6. Nxd4 Qb6 7. Nxc6 bxc6 8.
c4 Be7 9. Qc2 O-O 10. b3 d5 11. Bb2 Bb7 12. Nd2 Rfd8 13. e3 a5 14. Rac1 Rac8 15.
Rfd1 h6 16. h3 Nd7 17. Nf3 Bf6 18. Bxf6 Nxf6 19. Kh2 Ba6 20. Nd2 Qb4 1/2-1/2

[Event "II Cotroceni Women"]
[Site "Bucharest ROU"]
[Date "2011.03.05"]
[Round "4"]
[White "Gunina, Valentina"]
[Black "Ushenina, Anna"]
[Result "1-0"]
[WhiteTitle "WGM"]
[BlackTitle "IM"]
[WhiteElo "2472"]
[BlackElo "2454"]
[WhiteFideId "4167570"]
[BlackFideId "14110911"]
[EventDate "2011.03.01"]

1. d4 d5 2. c4 c6 3. Nc3 Nf6 4. Nf3 e6 5. Bg5 Nbd7 6. e3 Qa5 7. Nd2 Bb4 8. Qc2
O-O 9. Be2 c5 10. O-O cxd4 11. exd4 dxc4 12. Bh4 Be7 13. Nxc4 Qd8 14. Bf3 Nb6
15. Nxb6 Qxb6 16. Rfd1 Re8 17. a4 a6 18. a5 Qc7 19. Qb3 Rb8 20. Rac1 Qxa5 21.
Bg3 Ra8 22. Na4 Nd7 23. d5 Nc5 24. Nxc5 Bxc5 25. Qc2 Bb6 26. d6 Qb5 27. d7 Bxd7
28. Be2 Qa4 29. b3 Qc6 30. Qb1 Bc5 31. b4 Bxf2+ 32. Bxf2 Qa4 33. Rd2 Rec8 34.
Bc5 Be8 35. Rcd1 h6 36. Rd4 Bb5 37. Bf3 Bc6 38. Bh5 Bd5 39. Rg4 Rc7 40. Rg3 Rac8
41. Rf1 f5 42. Qb2 Rd7 43. Qe5 Qc2 44. Bf3 Qb3 45. Be2 Qc2 46. Bd3 Qd2 47. h4
Qa2 48. Bd4 Rcc7 49. Rxf5 Qb3 50. Rf4 Qxb4 51. Qh5 Rf7 52. Rxg7+ 1-0

[Event "II Cotroceni Women"]
[Site "Bucharest ROU"]
[Date "2011.03.05"]
[Round "4"]
[White "Muzychuk, Anna"]
[Black "Repkova, Eva"]
[Result "1-0"]
[WhiteTitle "IM"]
[BlackTitle "IM"]
[WhiteElo "2528"]
[BlackElo "2446"]
[WhiteFideId "14111330"]
[BlackFideId "14900440"]
[EventDate "2011.03.01"]

1. e4 d5 2. exd5 Qxd5 3. Nc3 Qa5 4. d4 c6 5. Bc4 Bf5 6. Bd2 e6 7. d5 cxd5 8.
Nxd5 Qd8 9. Qe2 Nf6 10. Nxf6+ Qxf6 11. O-O-O Nc6 12. Bc3 Qg5+ 13. Kb1 Bc5 14.
Nf3 Qxg2 15. Nh4 Qe4 16. Nxf5 Qxf5 17. Rhg1 Rg8 18. Bd3 Qxf2 19. Qh5 Qxg1 20.
Rxg1 Bxg1 21. Bxh7 Rh8 22. Bxg7 Bd4 23. Bxh8 Bxh8 24. Bg8 O-O-O 25. Bxf7 e5 26.
a3 Kb8 27. Qg6 a6 28. h4 Ka8 29. h5 Ne7 30. Qg5 Nc6 31. h6 e4 32. Bd5 Rb8 33.
Bxe4 Ne5 34. c3 Nc4 35. Ka2 Nd6 36. Bd5 Ka7 37. Qe3+ b6 38. Qe7+ Nb7 39. Kb3 Ka8
40. a4 Ka7 41. Kc2 Ka8 42. h7 Ka7 43. a5 bxa5 44. Qe3+ 1-0

[Event "II Cotroceni Women"]
[Site "Bucharest ROU"]
[Date "2011.03.05"]
[Round "4"]
[White "Zatonskih, Anna"]
[Black "Turova, Irina"]
[Result "1/2-1/2"]
[WhiteTitle "IM"]
[BlackTitle "IM"]
[WhiteElo "2499"]
[BlackElo "2428"]
[WhiteFideId "14101572"]
[BlackFideId "4120876"]
[EventDate "2011.03.01"]

1. d4 Nf6 2. c4 e6 3. g3 Bb4+ 4. Bd2 c5 5. Bxb4 cxb4 6. Bg2 O-O 7. e4 d6 8. Ne2
a5 9. a3 Na6 10. O-O e5 11. h3 Qc7 12. axb4 Nxb4 13. Na3 Bd7 14. Kh2 Rfe8 15.
Nc3 Bc6 16. Re1 h5 17. Kh1 Na6 18. Qd2 Nb4 19. Rad1 h4 20. g4 Nh7 21. f4 exf4
22. Qxf4 Qe7 23. c5 dxc5 24. d5 Bd7 25. Qc7 Rec8 26. Qxb7 Rab8 1/2-1/2

[Event "II Cotroceni Women"]
[Site "Bucharest ROU"]
[Date "2011.03.06"]
[Round "5"]
[White "Turova, Irina"]
[Black "Muzychuk, Mariya"]
[Result "1/2-1/2"]
[WhiteTitle "IM"]
[BlackTitle "IM"]
[WhiteElo "2428"]
[BlackElo "2476"]
[WhiteFideId "4120876"]
[BlackFideId "14114550"]
[EventDate "2011.03.01"]

1. d4 Nf6 2. c4 e6 3. Nf3 c5 4. d5 b5 5. dxe6 fxe6 6. cxb5 a6 7. bxa6 Nxa6 8. g3
d5 9. Bg2 Be7 10. O-O O-O 11. Nc3 Nb4 12. a3 Nc6 13. Qc2 Qe8 14. Bg5 Qh5 15.
Bxf6 Bxf6 16. e4 Ba6 17. Rfe1 1/2-1/2

[Event "II Cotroceni Women"]
[Site "Bucharest ROU"]
[Date "2011.03.06"]
[Round "5"]
[White "Repkova, Eva"]
[Black "Zatonskih, Anna"]
[Result "1/2-1/2"]
[WhiteTitle "IM"]
[BlackTitle "IM"]
[WhiteElo "2446"]
[BlackElo "2499"]
[WhiteFideId "14900440"]
[BlackFideId "14101572"]
[EventDate "2011.03.01"]

1. e4 e6 2. d4 d5 3. Nc3 Nf6 4. Bg5 dxe4 5. Nxe4 Nbd7 6. Bd3 Be7 7. Nxf6+ Bxf6
8. Bxf6 Nxf6 9. Nf3 O-O 10. Qd2 b6 11. O-O-O Bb7 12. Qf4 Bxf3 13. Qxf3 Qd5 14.
Qxd5 1/2-1/2

[Event "II Cotroceni Women"]
[Site "Bucharest ROU"]
[Date "2011.03.06"]
[Round "5"]
[White "Ushenina, Anna"]
[Black "Muzychuk, Anna"]
[Result "1/2-1/2"]
[WhiteTitle "IM"]
[BlackTitle "IM"]
[WhiteElo "2454"]
[BlackElo "2528"]
[WhiteFideId "14110911"]
[BlackFideId "14111330"]
[EventDate "2011.03.01"]

1. d4 Nf6 2. c4 e6 3. Nc3 Bb4 4. Qc2 O-O 5. a3 Bxc3+ 6. Qxc3 d5 7. Nf3 dxc4 8.
Qxc4 b6 9. Bg5 Ba6 10. Qa4 c5 11. Rd1 Qd7 12. Qxd7 Nbxd7 13. Bxf6 Nxf6 14. dxc5
bxc5 15. e3 Bxf1 16. Rxf1 Rab8 17. Rd2 c4 1/2-1/2

[Event "II Cotroceni Women"]
[Site "Bucharest ROU"]
[Date "2011.03.06"]
[Round "5"]
[White "Peptan, Corina-Isabela"]
[Black "Gunina, Valentina"]
[Result "1-0"]
[WhiteTitle "IM"]
[BlackTitle "WGM"]
[WhiteElo "2415"]
[BlackElo "2472"]
[WhiteFideId "1201930"]
[BlackFideId "4167570"]
[EventDate "2011.03.01"]

1. e4 c6 2. Nf3 d5 3. Nc3 Bg4 4. h3 Bxf3 5. Qxf3 e6 6. d4 g6 7. Bd3 Bg7 8. Ne2
dxe4 9. Qxe4 Nf6 10. Qf3 O-O 11. O-O Nbd7 12. Bf4 Re8 13. Bc4 e5 14. Qb3 exf4
15. Bxf7+ Kh8 16. Bxe8 Nxe8 17. Nxf4 Qb6 18. Ne6 Qxb3 19. axb3 Bf6 20. c3 Kg8
21. b4 Nd6 22. Nc5 Nb6 23. Rfe1 Kf7 24. g3 Nbc4 25. Re2 b6 26. Nd7 Nb5 27. Nxf6
Kxf6 28. Rae1 Rc8 29. Re7 Nc7 30. Rxh7 Nd5 31. Re2 a5 32. bxa5 bxa5 33. b3 Nd6
34. c4 Nc3 35. Re3 Nce4 36. h4 c5 37. Rf3+ Ke6 38. dxc5 Rxc5 39. Rh6 a4 40.
Rxg6+ Ke5 41. bxa4 Rxc4 42. Rd3 Rc1+ 43. Kg2 Rc2 44. Rf3 Ra2 45. h5 Nf5 46. h6
Nd4 47. h7 1-0

[Event "II Cotroceni Women"]
[Site "Bucharest ROU"]
[Date "2011.03.06"]
[Round "5"]
[White "Socko, Monika"]
[Black "Cosma, Elena-Luminita"]
[Result "1-0"]
[WhiteTitle "GM"]
[BlackTitle "WGM"]
[WhiteElo "2495"]
[BlackElo "2343"]
[WhiteFideId "1106619"]
[BlackFideId "1201590"]
[EventDate "2011.03.01"]

1. d4 Nf6 2. Nf3 e6 3. c4 d5 4. Nc3 dxc4 5. e3 a6 6. a4 b6 7. Bxc4 Bb7 8. O-O
Nbd7 9. Qe2 c5 10. Rd1 Qb8 11. d5 exd5 12. Nxd5 Nxd5 13. Bxd5 Bxd5 14. Rxd5 Be7
15. e4 Qb7 16. Bg5 Nf6 17. Bxf6 Bxf6 18. Rad1 O-O 19. e5 Rad8 20. R5d2 Be7 21.
e6 Rxd2 22. Rxd2 Bf6 23. Rd7 Qc8 24. b3 fxe6 25. Qxe6+ Kh8 26. h4 h6 27. g4 Re8
28. Qf5 Rd8 29. Rxd8+ Qxd8 30. g5 Bd4 31. Qe6 b5 32. Qxa6 bxa4 33. Qxa4 Qc8 34.
Nh2 Qf5 35. Qa8+ Kh7 36. Qf3 Qg6 37. Qg3 hxg5 38. hxg5 Qb1+ 39. Kg2 Qe4+ 40. Qf3
Qe5 41. Qd3+ Kg8 42. Nf3 Qf4 43. Qc4+ Kf8 44. Qe6 g6 45. Qd7 Bc3 46. Qd8+ Kf7
47. Qd5+ Kg7 48. Qe6 Kf8 49. Qd7 Bb2 50. Qd8+ Kf7 51. Qd5+ Kg7 52. Qd7+ Kf8 53.
Qa4 Bd4 54. Qa8+ Ke7 55. Qb7+ Ke6 56. Qc6+ Ke7 57. Qd5 Qg4+ 58. Kf1 Qh3+ 59. Ke2
Qg2 60. Qe4+ Kd8 61. Qh4 Ke7 62. Nxd4 cxd4 63. Qxd4 Qa8 64. Qg7+ Kd6 65. Qxg6+
Kc5 66. Qe6 Qa2+ 67. Kf3 Qa8+ 68. Kg3 Qb8+ 69. f4 Qd8 70. Qc4+ Kb6 71. Qb4+ Ka6
72. Qc3 Qd1 73. Qe3 Qb1 74. Kg4 Qd1+ 75. Kf5 Qd5+ 76. Qe5 Qd3+ 77. Kf6 Qd8+ 78.
Kf7 Qd7+ 79. Qe7 Qd3 80. g6 Kb5 81. Qe5+ Kb4 82. g7 1-0